Egy ipari célgép mobil eszközzel történő felügyeletének megvalósítása

Elmentve itt :
Bibliográfiai részletek
Szerző: Kószó Áron
További közreműködők: Pletl Szilveszter (Témavezető)
Dokumentumtípus: Szakdolgozat
Megjelent: 2012
Tárgyszavak:
Online Access:http://diploma.bibl.u-szeged.hu/119151
LEADER 00945nta a2200217 i 4500
001 dipl119151
005 20211004063230.0
008 211001s2012 hu om 0|| zxx d
040 |a SZTE Diploma Repozitórium  |b hun 
041 |a zxx 
100 1 |a Kószó Áron 
245 1 0 |a Egy ipari célgép mobil eszközzel történő felügyeletének megvalósítása  |h [elektronikus dokumentum] /  |c Áron Kószó 
260 |c 2012 
650 4 |a Informatika 
650 4 |a Natural sciences 
650 4 |a Computer and information sciences 
650 4 |a Computer sciences, information science and bioinformatics 
650 4 |a Human computer interaction and interface, visualization and natural language processing 
700 1 |a Pletl Szilveszter  |e ths 
856 4 0 |u http://diploma.bibl.u-szeged.hu/id/eprint/119151/1/2012_koszo_aron.pdf  |z Dokumentum-elérés  
856 4 0 |u http://diploma.bibl.u-szeged.hu/id/eprint/119151/2/2012_koszo_aron_biralat.pdf  |z Dokumentum-elérés